60 kisah teladan ummah

Bibliographic Details
Main Author: Mustaffa Siraj
Format: Book
Published: Selangor : One Touch Creative Sdn. Bhd. , 2019
Subjects:

MARC

LEADER 00000cam a2200000 7i4500
001 0000085734
005 20201025.0
008 201025
020 |a 9789670489100 
041 0 |a Malay 
090 0 0 |a 297.18   |b MUS 
100 0 |a Mustaffa Siraj 
245 1 0 |a 60 kisah teladan ummah   |c Mustaffa Siraj 
260 |a Selangor :   |b One Touch Creative Sdn. Bhd. ,   |c 2019 
300 |a 138 p. ;   |c 30 cm. 
541 0 0 |c Purchased on 2020   |f 2020/71 ANL   |h RM25.00 
650 0 |a Islamic stories, Malay 
999 |a 0001635574   |b Book   |c Adult Collection   |e Cawangan Segamat 
999 |a 0001635575   |b Book   |c Adult Collection   |e Cawangan Bandar Penawar 
999 |a 0001635576   |b Book   |c Adult Collection   |e Cawangan Taman Sri Lambak 
999 |a 0001635577   |b Book   |c Adult Collection   |e Cawangan Bukit Gambir 
999 |a 0001635578   |b Book   |c Adult Collection   |e Cawangan Mersing 
999 |a 0001635579   |b Book   |c Adult Collection   |e Cawangan Muar 
999 |a 0001635580   |b Book   |c Adult Collection   |e Cawangan Batu Pahat 
999 |a 0001635581   |b Book   |c Adult Collection   |e Cawangan Pontian 
999 |a 0001635582   |b Book   |c Adult Collection   |e Cawangan Kota Tinggi 
999 |a 0001635584   |b Book   |c Adult Collection   |e Cawangan Tangkak 
999 |a 0001635585   |b Book   |c Adult Collection   |e Cawangan Bandar Tenggara 
999 |a 0001635586   |b Book   |c Adult Collection   |e Cawangan Tmn. Ungku Tun Aminah 
999 |a 0001635930   |b Book   |c Adult Collection   |e Perbadanan Perpustakaan Awam Johor 
999 |a 0001635931   |b Book   |c Adult Collection   |e Perbadanan Perpustakaan Awam Johor 
999 |a 0001635932   |b Book   |c Adult Collection   |e Cawangan Urban Transformation Centre 
999 |a 0001635933   |b Book   |c Adult Collection   |e Cawangan AEON Kulaijaya